| 000 | 00573cam a22002291 4500 | ||
|---|---|---|---|
| 001 | sa 68006236 | ||
| 003 | DLC | ||
| 005 | 20260227112514.0 | ||
| 008 | 940929s1964 ii a 000 0 kano | ||
| 010 | _asa 68006236 | ||
| 025 | _aPL480:I-Kan-917 | ||
| 035 | _a(OCoLC)31199946 | ||
| 040 |
_aDLC _cCU _dCU _dDLC |
||
| 042 | _apremarc | ||
| 050 | 0 | 0 |
_aBP585.B3 _bJ6 |
| 100 | 1 |
_aJoshi, Shamaji Keshava, _d1929- |
|
| 245 | 1 | 0 | _aḌā. Āni Beseṇṭ. |
| 260 | _c1964. | ||
| 300 |
_a88 p. _bill. _c19 cm. |
||
| 500 | _aIn Kannada. | ||
| 600 | 1 | 0 |
_aBesant, Annie, _d1847-1933. |
| 999 |
_c81196 _d81196 |
||